000 01042 a2200217 4500
005 20080910164828.0
008 080910t xxu||||| |||| 00| 0 hin d
010 _aHIN-79549
020 _a8189612530
_c450.00
035 _aHN-51895
037 _bD.B.Act / pub
082 _a372.891044
100 _aभगवान दास
245 _aभूगोल शिक्षण
_cभगवान दास
246 _aBhoogol Shikshan
_bby Bhagwan Das
260 _aनई दिल्ली
_bओमेगा पब्लिकेशन्स
_c2006
270 _a4398/5, अंसारी रोड, दरियागंज
_bनई दिल्ली
_e110002
_k55901906
_mgph2004@yahoo.com.in
300 _a225पृ
_c22 सेमी (सजिल्द)
942 _adpl
_cHN
_k372.891044 / भगवा
_2ddc
_h372.891044
_mभगवा
999 _c2954
_d2954